000 00373nam a22001697a 4500
005 20260324133047.0
020 _a9788198250247
041 _aEnglish
082 _aT16 R24 VEL
100 _aVelsamy B
245 _aIndhiya Thatthuvamum Thamizh Thathuva Marabum
250 _a01
260 _aChennai
_bNCBH
_c2024
300 _a316
365 _b400.00
942 _cBK
999 _c177065
_d177065